<?xml version="1.0" encoding="UTF-8"?>
<record
    xmlns:xsi="http://www.w3.org/2001/XMLSchema-instance"
    xsi:schemaLocation="http://www.loc.gov/MARC21/slim http://www.loc.gov/standards/marcxml/schema/MARC21slim.xsd"
    xmlns="http://www.loc.gov/MARC21/slim">

  <leader>01763    a2200157   4500</leader>
  <datafield tag="999" ind1=" " ind2=" ">
    <subfield code="c">26157</subfield>
    <subfield code="d">26157</subfield>
  </datafield>
  <datafield tag="020" ind1=" " ind2=" ">
    <subfield code="a">9780199499069</subfield>
  </datafield>
  <datafield tag="082" ind1=" " ind2=" ">
    <subfield code="a">110.954</subfield>
    <subfield code="b">IND-</subfield>
  </datafield>
  <datafield tag="245" ind1=" " ind2=" ">
    <subfield code="a">India and civilizational futures</subfield>
    <subfield code="b">: backwaters collective on metaphysics and politics II</subfield>
  </datafield>
  <datafield tag="260" ind1=" " ind2=" ">
    <subfield code="b">Oxford University Press</subfield>
    <subfield code="c">2019</subfield>
    <subfield code="a">New Delhi</subfield>
  </datafield>
  <datafield tag="300" ind1=" " ind2=" ">
    <subfield code="a">xiv, 318p.</subfield>
  </datafield>
  <datafield tag="504" ind1=" " ind2=" ">
    <subfield code="a">Include Index
</subfield>
  </datafield>
  <datafield tag="520" ind1=" " ind2=" ">
    <subfield code="a">India and Civilizational Futures is the second volume to emerge from the deliberations of the Backwaters Collective on Metaphysics and Politics, a group comprised largely of Indian scholars, writers, and intellectuals that was formed in late 2010 with the intent of considering how the intellectual and cultural resources of Indic civilization, and more broadly the Global South, might be deployed to introduce in commensurability and greater plurality into the world of modern knowledge systems. The members and friends of the Collective are animated by various passions: though some are interested in the decolonization of the university and in exploring other sites of learning, and others wish to put into serious question the most familiar categories that have informed humanistic inquiry and social science research, they are united both in their quest to engender an ecological plurality of knowledges and reinitiate metaphysics into the discourses of politics. The authors of the papers in this volume offer perspectives on India's past and intellectual traditions that suggest how we might liberate ourselves from the straightjackets of history, development, normal politics, the nation-state, and what globally passes for 'common sense' in various spheres of life and thought.</subfield>
  </datafield>
  <datafield tag="650" ind1=" " ind2=" ">
    <subfield code="a">Metaphysics</subfield>
    <subfield code="v">Civilization</subfield>
    <subfield code="v">Politics and government</subfield>
    <subfield code="z">India</subfield>
  </datafield>
  <datafield tag="700" ind1=" " ind2=" ">
    <subfield code="a">Lal Vinay</subfield>
  </datafield>
  <datafield tag="942" ind1=" " ind2=" ">
    <subfield code="2">ddc</subfield>
    <subfield code="c">BK</subfield>
  </datafield>
  <datafield tag="952" ind1=" " ind2=" ">
    <subfield code="0">0</subfield>
    <subfield code="1">0</subfield>
    <subfield code="4">0</subfield>
    <subfield code="7">0</subfield>
    <subfield code="a">NASSDOC</subfield>
    <subfield code="b">NASSDOC</subfield>
    <subfield code="d">2020-07-06</subfield>
    <subfield code="e">OP</subfield>
    <subfield code="g">766.50</subfield>
    <subfield code="i">2020-06-11</subfield>
    <subfield code="l">0</subfield>
    <subfield code="o">110.954 IND-</subfield>
    <subfield code="p">50924</subfield>
    <subfield code="r">2020-07-13 00:00:00</subfield>
    <subfield code="v">1050.00</subfield>
    <subfield code="w">2020-06-11</subfield>
    <subfield code="y">BK</subfield>
  </datafield>
</record>
